LEADER 02351nam a2200397 u 4500 001 000000026174 003 CaOOAMICUS 005 20070226111540.0 008 950705s1972 it u000 u ita u 035 $a10674004 040 $aPUL(R)$bita 100 1 $aViolante, Cinzio,$d1921-$0(OLS)http://pul/name/1223 240 10$aGruppi, scelte$9(Violante, Cinzio, 1921- ).$0(OLS)http://pul/title/18091 245 10$aStudi sulla cristianità medioevale :$bsocietà, istituzioni, spiritualità /$cCinzio Violante ; raccolti da Piero Zerbi. 260 $aMilano :$bVita e pensiero,$c1972. 300 $axxxii, 397 p. ;$c21 cm 490 1 $aCultura e storia (Vita e Pensiero) ;$v8 650 4$aChiesa$xStoria$yMedioevo, 600-1500.$0(OLS)http://pul/subject/660 700 1 $aZerbi, Piero.$0(OLS)http://pul/name/980 774 0 $aViolante, Cinzio.$tIl monachesimo cluniacense di fronte al mondo politico ed ecclesiastico : Secoli X e XI$w()95203 774 0 $aViolante, Cinzio.$tLa povertà nelle eresie del secolo XI in occidente$w()95204 774 0 $aViolante, Cinzio.$tLa vita comune del clero$w()95205 774 0 $aViolante, Cinzio.$tL'eremitismo$w()95206 774 0 $aViolante, Cinzio.$tI laici nel movimento patarino$w()95207 774 0 $aViolante, Cinzio.$tAspetti della politica italiana di Enrico III prima della sua discesa in Italia (1039-1046)$w()95208 774 0 $aViolante, Cinzio.$tVenezia fra papato e impero nel secolo XI$w()95209 774 0 $aViolante, Cinzio.$tI vescovi dell'Italia centro-settentrionale e lo sviluppo dell'economia monetaria$w()95210 774 0 $aViolante, Cinzio.$tEresie nelle città e nel contado in Italia dall'XI al XIII secolo$w()95211 830 0$aCultura e storia (Vita e Pensiero) ;$v8.$0(OLS)http://pul/title/1596 850 $aPUL 852 $aPUL$W1$xDP1 Fondo Maccarrone$y58$m1510 A 36$j36583$nBK-PRI$b $qFondi$B36583$CPULBib$Z2$F36583 $H $81 852 $aPUL$W1$xDP1 Fondo Ciprotti$y59$m1536 F 15$j36584$nBK-PRI$b $qFondi$B36584$CPULBib$Z2$F36584 $H $81 941 1 $a1 961 $aINV: 1154. Fondo Ciprotti 996 $6245$aStudi sulla cristianità medioevale :$bsocietà, istituzioni, spiritualità$9(OLS)http://pul/title/35982 996 $6260$aMilano :$bVita e pensiero$9(OLS)http://pul/publisher/48016 LEADER 01678nam a2200337 u 4500 001 000000053898 003 CaOOAMICUS 005 20070226115619.0 008 001124s1994 it u000 u ita u 020 $a8870183204 035 $a10862246 040 $aPUL(R)$bita 041 1 $aita$hspa 100 1 $aSavater, Fernando,$d1947-$0(OLS)http://pul/name/38347 245 10$aFilosofia contro Accademia :$bMontaigne, Schopenhauer, Nietzsche, Unamuno /$cFernando Savater. 260 $aGenova :$bIl Melangolo,$cc1994. 300 $a157 p. ;$c16 cm 490 1 $aIl fondaco di Micromega ;$v2 500 $a"Questo è il secondo volume della serie "Il fondaco di Micromega", una collana di testi già apparsi sulla rivista e che saranno riproposti per la prima volta in volume presso differenti editori". 600 14$aMontaigne, Michel Eyquem de,$d1533-1592.$0(OLS)http://pul/subject/20944 600 14$aSchopenhauer, Arthur,$d1788-1860.$0(OLS)http://pul/subject/12981 600 14$aNietzsche, Friedrich Wilhelm,$d1844-1900.$0(OLS)http://pul/subject/4913 600 14$aUnamuno, Miguel de,$d1864-1936.$0(OLS)http://pul/subject/22190 830 3$aIl fondaco di Micromega ;$v2.$0(OLS)http://pul/title/72292 850 $aPUL 852 $aPUL$W1$xDP1 Fondo Giannini$y60$m1556 D 38$j71042$nBK-PRI$b $qFondi$B71042$CPULBib$Z2$F71042 $H $81 941 1 $a1 961 $aINV: F: Giannini 996 $6020$a8870183204$9(OLS)http://pul/number/67922 996 $6245$aFilosofia contro Accademia :$bMontaigne, Schopenhauer, Nietzsche, Unamuno$9(OLS)http://pul/title/72291 996 $6260$aGenova :$bIl Melangolo$9(OLS)http://pul/publisher/48888